000
00339 a2200133 4500
245
_a
Thérapeutique : réservé au corps médical tome 2
100
_a
Faculté de médecine Saint-Louis Lariboisière
260
_c
1981
300
_a
352 p.
035
_a
4044
999
_c
17602
_d
17602